000 00927nam a2200241Ia 4500
003 OSt
005 20220923224119.0
006 a|||||r|||| 00| 0
007 ta
008 220922b |||||||| |||| 00| 0 hin d
024 _a225,740
037 _cTextual
040 _aARTS
_cARTS
_bhin
041 _2hin
_ahin
082 _aO168,1N21x, 152P4
100 _aलुधियानवी, साहिर; पंडित, प्रकाश, संपा.
_9167787
245 0 _aसाहिर लुधियानवी और उनकी शायरी
246 _aSāhir ludhiyānavī aur unakī shāyarī
260 _aदिल्ली
_b राजपाल एंड सन्स
_c2004
300 _a103पृ.
_ccm.
942 _hO168,1N21x, 152P4
_cTEXL
_2CC
999 _c369319
_d369319